[Event "M.Chigorin Memorial 2014"]
[Site "St. Petersburg"]
[Date "2014.10.19"]
[Round "2.175"]
[White "Grachev, Andrey"]
[Black "Akopian, Agasi"]
[Result "1-0"]
[WhiteElo "2029"]
[BlackElo "1543"]
[PlyCount "51"]
[EventDate "2014.10.18"]
[EventType "swiss"]
[EventCountry "RUS"]

1. e4 c5 2. Nf3 Nc6 3. d4 cxd4 4. Nxd4 g6 5. c4 Bg7 6. Be3 Nf6 7. Nc3 O-O 8.
Be2 d6 9. O-O Bd7 10. h3 Rb8 11. Qd2 a6 12. f4 Nxd4 13. Bxd4 b5 14. e5 dxe5 15.
fxe5 Ne8 16. Rad1 Nc7 17. Bf3 Be6 18. Qe3 Qc8 19. Nd5 Bxd5 20. cxd5 Qd7 21. Ba7
Rbd8 22. Bb6 Rb8 23. Bg4 Nxd5 24. Bxd7 Nxe3 25. Bxe3 Bxe5 26. Bc5 1-0

[Event "M.Chigorin Memorial 2014"]
[Site "St. Petersburg"]
[Date "2014.10.19"]
[Round "2.176"]
[White "Chursina, Ada"]
[Black "Rivonenko, Vladislav"]
[Result "0-1"]
[WhiteElo "1583"]
[BlackElo "2022"]
[PlyCount "36"]
[EventDate "2014.10.18"]
[EventType "swiss"]
[EventCountry "RUS"]

1. c4 Nf6 2. d4 e5 3. dxe5 Ng4 4. Nf3 Bc5 5. e3 Nc6 6. Be2 O-O 7. O-O Re8 8. b3
Ncxe5 9. Bb2 d6 10. Nc3 Nxf3+ 11. Bxf3 Qh4 12. Bxg4 Bxg4 13. Qc2 Re5 14. Ne4
Rh5 15. h3 Bxh3 16. g3 Qg4 17. Nxc5 Qf3 18. Qe4 Bg2 0-1

[Event "M.Chigorin Memorial 2014"]
[Site "St. Petersburg"]
[Date "2014.10.19"]
[Round "2.177"]
[White "Kamnev, Alexander"]
[Black "Sindarov, Islombek"]
[Result "1/2-1/2"]
[WhiteElo "2013"]
[BlackElo "1527"]
[PlyCount "123"]
[EventDate "2014.10.18"]
[EventType "swiss"]
[EventCountry "RUS"]

1. e4 e5 2. Nf3 Nc6 3. Bc4 Bc5 4. d3 Nf6 5. c3 d6 6. Nbd2 Be6 7. Bb3 h6 8. Nf1
O-O 9. Ng3 Qd7 10. O-O Bg4 11. Be3 Bb6 12. h3 Be6 13. Bc2 Nh7 14. d4 exd4 15.
cxd4 d5 16. e5 f5 17. Ne2 g5 18. Bd2 f4 19. Qb1 Bf5 20. a4 a5 21. Bxf5 Qxf5 22.
Qxf5 Rxf5 23. Bc3 Ne7 24. b4 axb4 25. Bxb4 Nc6 26. Bc3 Na5 27. Rfb1 Nf8 28. Rb5
Nc4 29. a5 c6 30. Rbb1 Bxa5 31. Rxb7 Rf7 32. Rxf7 Kxf7 33. h4 Ne6 34. Kh2 g4
35. Nfg1 h5 36. Nc1 Nc7 37. Bxa5 Rxa5 38. Rb1 Rb5 39. Rxb5 cxb5 40. Nge2 Ne6
41. Nb3 b4 42. Nec1 Nb2 43. Kg1 Kg6 44. f3 g3 45. Na2 Nd3 46. Kf1 Ng7 47. Ke2
Nf5 48. Kxd3 Nxh4 49. Nxb4 Nxg2 50. Nxd5 h4 51. Ke2 h3 52. Kf1 Kf5 53. Kg1 Ne3
54. Nc3 Kg5 55. e6 Kh4 56. Ne4 h2+ 57. Kh1 Nd1 58. e7 Kh3 59. Ng5+ Kh4 60. Ne4
Kh3 61. Ng5+ Kh4 62. Ne4 1/2-1/2

[Event "M.Chigorin Memorial 2014"]
[Site "St. Petersburg"]
[Date "2014.10.19"]
[Round "2.178"]
[White "Bodnaruk, Kseniya"]
[Black "Stepanov, Andrey"]
[Result "0-1"]
[WhiteElo "1558"]
[BlackElo "2012"]
[PlyCount "54"]
[EventDate "2014.10.18"]
[EventType "swiss"]
[EventCountry "RUS"]

1. e4 c5 2. f4 d5 3. exd5 Qxd5 4. Nc3 Qd6 5. d3 e6 6. Nf3 Nf6 7. Be2 Be7 8. O-O
Nc6 9. Be3 O-O 10. h3 b6 11. Nb5 Qd7 12. c3 Nd5 13. Bc1 a6 14. Na3 b5 15. Nc2
Bb7 16. d4 Rfd8 17. Ne5 Qc7 18. Nxc6 Bxc6 19. Bf3 Rac8 20. g3 Qa7 21. Qe2 cxd4
22. Qf2 Bc5 23. cxd4 Bb6 24. b3 Nb4 25. Be3 Nxc2 26. Qxc2 Bxf3 27. Qf2 Be4 0-1

[Event "M.Chigorin Memorial 2014"]
[Site "St. Petersburg"]
[Date "2014.10.19"]
[Round "2.179"]
[White "Biyachuev, Minkail"]
[Black "Gorin, Alexandr"]
[Result "0-1"]
[WhiteElo "1527"]
[BlackElo "2000"]
[PlyCount "112"]
[EventDate "2014.10.18"]
[EventType "swiss"]
[EventCountry "RUS"]

1. d4 g6 2. Bf4 d6 3. e3 Bg7 4. Nf3 Nf6 5. Nc3 d5 6. Bd3 O-O 7. O-O b6 8. Nb5
Na6 9. Ne5 Bb7 10. c4 c6 11. Nc3 Nc7 12. Ng4 Nxg4 13. Qxg4 dxc4 14. Bxc4 Ne8
15. h4 Nf6 16. Qf3 Qd7 17. Qe2 Qg4 18. Qxg4 Nxg4 19. f3 Nf6 20. Be5 Bh6 21.
Rae1 Nd7 22. Bf4 Bg7 23. Rd1 a6 24. Bg3 b5 25. Bb3 Rac8 26. a3 Rfd8 27. Rc1 e5
28. dxe5 Nxe5 29. Rfd1 Nd3 30. Rc2 Nxb2 31. Rxd8+ Rxd8 32. Bc7 Rd3 33. Ba5 Rxe3
34. Rd2 Rd3 35. Rxd3 Nxd3 36. Ne4 Nc5 37. Nxc5 Bd4+ 38. Kf1 Bxc5 39. Bb4 Bd4
40. Ke2 c5 41. Bd2 c4 42. Bc2 f5 43. Be3 Be5 44. f4 Bd6 45. Bc1 Bxg2 46. Ke3
Bc5+ 47. Kd2 a5 48. Bd1 Bf1 49. Bb2 b4 50. axb4 axb4 51. Be5 Bg2 52. h5 gxh5
53. Bxh5 Be4 54. Bd1 c3+ 55. Bxc3 bxc3+ 56. Kxc3 Be3 0-1

[Event "M.Chigorin Memorial 2014"]
[Site "St. Petersburg"]
[Date "2014.10.19"]
[Round "2.182"]
[White "Kapitsa, Artem"]
[Black "Smiyan, Vladimir"]
[Result "0-1"]
[WhiteElo "1443"]
[BlackElo "1994"]
[PlyCount "74"]
[EventDate "2014.10.18"]
[EventType "swiss"]
[EventCountry "RUS"]

1. d4 d5 2. c4 c6 3. Nc3 Nf6 4. cxd5 cxd5 5. g3 e6 6. Bg2 Be7 7. e4 dxe4 8.
Nxe4 Nc6 9. Ne2 O-O 10. O-O Qb6 11. Rb1 Rd8 12. Be3 Nd5 13. Qc2 Ncb4 14. Qb3 a5
15. N4c3 Bd7 16. Nxd5 exd5 17. a3 a4 18. Qd1 Nc6 19. Bxd5 Bf5 20. Bxc6 Bxb1 21.
Qxb1 bxc6 22. Qc2 Qb7 23. Nc3 Qa6 24. Rd1 Qc4 25. Qf5 Bf6 26. Qd3 Qxd3 27. Rxd3
Rdb8 28. Rd2 Rb3 29. Rc2 c5 30. dxc5 Bxc3 31. Rxc3 Rxc3 32. bxc3 Kf8 33. c4 Ke7
34. Bd2 Rb8 35. Kf1 Rb3 36. Ke2 Rxa3 37. Bb4 Rb3 0-1